[Event "38th IND-chT 2018"]
[Site "Patia"]
[Date "2018.02.09"]
[Round "3"]
[White "Debarshi, Mukherjee"]
[Black "Swayams, Mishra"]
[Result "0-1"]
[WhiteElo "2303"]
[BlackElo "2439"]
[Annotator "TA"]
[PlyCount "154"]
[EventDate "2018.??.??"]
[EventType "team-tourn"]
[EventCountry "IND"]
[SourceTitle "playchess.com"]
[Source "ChessBase"]
[SourceQuality "1"]

{[%evp 23,154,0,0,0,0,-58,30,22,29,20,47,0,0,0,0,8,34,11,112,112,106,12,11,-43,-47,-75,16,17,15,12,11,14,18,18,44,0,12,10,27,27,24,-69,5,6,6,0,0,0,0,-20,-22,-70,-70,-70,0,-70,0,-69,0,0,0,0,0,0,0,0,0,0,0,0,0,0,0,0,0,0,0,0,0,0,0,0,0,0,0,0,0,0,0,0,0,0,0,0,0,0,0,0,0,0,0,0,0,0,0,0,0,0,0,-127,-127,-127,0,0,0,0,0,0,0,-127,-127,-134,-119,-6465,-6455,-6432,-6301,-6293,-6163,-5805,-5441,-5069,-2194]} 1. d4 Nf6 2. c4 e6 3. g3 c5 4. d5 exd5 5. cxd5 d6 6. Nc3 g6 7. Bg2 Bg7 8. Nf3 O-O 9. O-O Re8 10. Bf4 Bf5 {A62: Modern Benoni: Fianchetto Variation without early ...Nbd7} 11. Nh4 (11. Bg5 h6 12. Bxf6 Bxf6 13. Nd2 Bc8 14. Nc4 Bxc3 15. bxc3 b5 16. Nd2 Nd7 17. Re1 a5 18. Qc2 {½-½ (29) Tomashevsky,E (2702)-Svidler,P (2763) Palma de Mallorca 2017}) 11... Bg4 12. h3 Nh5 {LiveBook: 3 Games. The position is equal.} 13. hxg4 Nxf4 {[#]} 14. Bf3 $146 (14. gxf4 $11 Bxc3 15. bxc3 Qxh4 16. e3) ({Predecessor:} 14. gxf4 Qxh4 15. e3 Nd7 16. Ne4 Nf6 17. Nxf6+ Qxf6 18. Rb1 {0-1 (57) Feller,S (2573)-Donchenko,A (2581) Germany 2017}) 14... Nd7 (14... Nh3+ $15 15. Kg2 Ng5) 15. gxf4 $11 Qxh4 16. Kg2 Qe7 17. g5 h6 18. gxh6 Bxh6 19. e3 Bg7 20. Qc2 g5 (20... a6 $11) 21. Qf5 $16 ({But not} 21. Rh1 $6 gxf4 22. Qh7+ (22. exf4 Nf6 $14) 22... Kf8 $14) 21... gxf4 22. Qxf4 (22. exf4 $16 Nf8 23. Kg3) 22... Ne5 23. Be2 (23. Rh1 $11) 23... Ng6 $15 24. Qg4 Qf6 (24... Bxc3 $1 $17 25. bxc3 Qf6) 25. Rh1 $11 Re5 26. Rh5 Rxh5 27. Qxh5 Re8 28. Rh1 Re5 29. Qh7+ Kf8 30. Qh3 Qf5 31. Qxf5 Rxf5 32. Rh5 (32. Ne4 $11) 32... Bxc3 (32... Rxh5 $15 33. Bxh5 Ne7) 33. Rxf5 $15 {[%mdl 4096] Endgame And now Rh5 would win. KRB-KBN} Nh4+ 34. Kh3 Nxf5 35. bxc3 $11 {KB-KN} Ne7 36. e4 f5 37. Bf3 fxe4 38. Bxe4 Kf7 (38... b5 $15) 39. Kg4 ({Better is} 39. c4 $11) 39... Kf6 ({Black should try} 39... b5 $1 $15) 40. f4 ({White should play} 40. a4 $1 $11) 40... Nc8 (40... b5 $15) 41. c4 Nb6 42. Bd3 Na4 43. Kf3 Nb2 44. Be2 Na4 45. Bd3 a6 46. Ke3 Nc3 47. a3 b5 48. Kd2 b4 49. Bc2 a5 50. a4 Kg7 51. Ke3 Kh6 52. Kd2 Kh5 53. Ke3 Kg4 54. f5 {Strongly threatening f6.} Kg5 55. Kd2 Kf6 56. Ke3 Ke5 57. Kd2 Kf6 58. Ke3 {[#]} b3 $1 {[%mdl 512]} 59. Bxb3 {Hoping for Kd3.} Kxf5 60. Kf3 Ke5 61. Ke3 Ne4 62. Bc2 Ng3 63. Bd3 Nh5 64. Be2 Nf6 65. Bd1 Kf5 66. Be2 (66. Bc2+ $11 {keeps the balance.} Kg4 67. Bb3) 66... Nd7 $1 $17 67. Bd3+ Ke5 (67... Kf6 $1 $17 {Threatens to win with ...Nb6.} 68. Bc2 Nb6) 68. Bc2 $1 $11 Nf6 69. Bd1 Kf5 70. Be2 Nd7 (70... Ke5 $11) 71. Bd3+ $17 Kf6 $1 72. Bc2 Nb6 $1 73. Kd3 $2 {[%mdl 8192]} (73. Kf4 $17) 73... Ke5 $19 {Black is clearly winning.} 74. Bd1 Kf4 $1 75. Bc2 {[#]} Nd7 $1 {[%cal Rd7e5]} 76. Kc3 Ke3 77. Bd3 {[#]} Nf6 $1 {Precision: White = 51%, Black = 61%.} 0-1

[Event "38th IND-chT 2018"]
[Site "Patia"]
[Date "2018.02.09"]
[Round "3"]
[White "Deshmukh, Anup"]
[Black "Karthikeyan, Murali"]
[Result "0-1"]
[WhiteElo "2284"]
[BlackElo "2585"]
[Annotator "TA"]
[PlyCount "74"]
[EventDate "2018.??.??"]
[EventType "team-tourn"]
[EventCountry "IND"]
[SourceTitle "playchess.com"]
[Source "ChessBase"]
[SourceQuality "1"]

{[%evp 17,74,-5,1,-89,-47,-59,-48,-122,-25,-41,-46,-43,-4,-47,-40,-44,-40,-26,-16,-53,-56,-48,-52,-61,-10,-16,-30,-150,-150,-150,-150,-145,-154,-150,-149,-135,-141,-179,-176,-200,-118,-265,-264,-268,-270,-1785,-1570,-12835,-12835,-12838,-12839,-12839,-12839,-12841,-12841,-12841,-12842,-12844,-12843]} 1. c4 Nf6 2. Nc3 g6 3. e4 d6 4. d4 Bg7 5. h3 O-O 6. Bg5 c5 7. d5 b5 8. cxb5 a6 9. Nf3 {E71: King's Indian: 4 e4 d6 5 h3} (9. a4 Nbd7 10. Nf3 Qa5 11. Bd2 axb5 12. Bxb5 Ba6 13. O-O Bxb5 14. Nxb5 Qb6 15. Qc2 Rfc8 16. Bc3 Qb7 17. Nd2 c4 18. Nd4 {1-0 (40) Kazhgaleyev,M (2582)-Jones,G (2650) Almaty 2016}) 9... axb5 {[%cal Ba6b5,Bb5b4][%mdl 32] LiveBook: 7 Games. And now ...b4 would win.} 10. Nd2 $146 (10. Bxf6 $1 $11 Bxf6 11. Bxb5) ({Predecessor:} 10. Bxb5 Nxe4 11. Nxe4 Qa5+ 12. Nfd2 Qxb5 13. a4 Qxb2 14. Rb1 Qd4 15. O-O {0-1 (36) Lindinger,M (2288)-Berg,K (2354) Germany 2016}) 10... b4 $17 11. Nb5 {Black is slightly better.} Nbd7 12. Be2 (12. Qc2 $15) 12... Nb6 (12... Ba6 $17 {Hoping for ...Qb6.} 13. a3 bxa3 14. Rxa3 Nxe4 $1 {[%mdl 512]} 15. Rxa6 (15. Nxe4 $2 Bxb5 16. O-O Rxa3 $19) 15... Nxg5) 13. O-O Bd7 14. a4 c4 (14... Ne8 {is more complex.} 15. Qb3 Ra5 16. Nc4 Nxc4 17. Bxc4 h6) 15. Nxc4 (15. Qc2 {with more complications.} Qb8 16. Bxc4 Rc8 17. Be3 b3 18. Qxb3 Nxe4 19. Be2) 15... Bxb5 (15... Nxe4 $6 16. Bxe7 Qxe7 17. Nxb6 $11) 16. axb5 Rxa1 17. Qxa1 {Black must now prevent Nd2.} Nxe4 18. Nxb6 Qxb6 19. Be3 ({Reject} 19. Bxe7 Re8 $17) 19... Bd4 20. Qb1 f5 ({Black should play} 20... Ng3 $1 $15 21. fxg3 Bxe3+ 22. Kh2 Qd4) 21. Qd3 Bxe3 22. Qxe3 (22. fxe3 $11 Ng3 23. Rf4) 22... Qxe3 23. fxe3 $11 {[%mdl 4096] Endgame KRB-KRN} Ng3 $1 24. Re1 Nxe2+ 25. Rxe2 $17 {KR-KR} Rb8 26. e4 Kf7 $1 ({But not} 26... Rxb5 $6 27. exf5 Kf7 28. fxg6+ hxg6 29. Rf2+ Kg7 30. Rd2 $11) 27. Kf2 Rxb5 28. Ke3 Kf6 (28... e5 $1 $19 29. dxe6+ Kxe6 30. exf5+ Rxf5) 29. Kd4 (29. exf5 $17 Rxd5 30. fxg6) 29... e5+ $1 $19 30. dxe6 {exf5 is the strong threat.} Re5 ({Worse is} 30... Kxe6 31. exf5+ Kxf5 32. Kc4 $11) 31. Re3 $2 (31. Rd2 Rxe4+ 32. Kd5) 31... Rxe4+ {Black is clearly winning.} 32. Rxe4 fxe4 33. Kxe4 Kxe6 {KP-KP} 34. Kd4 {[#]} d5 $1 35. Kc5 Ke5 36. Kxb4 {[#]} Kd4 $1 {[%cal Rd4e3]} 37. Ka5 Ke3 {Precision: White =  9%, Black = 65%.} 0-1

[Event "38th IND-chT 2018"]
[Site "Patia"]
[Date "2018.02.09"]
[Round "3"]
[White "Sahoo, Utkal Ranjan"]
[Black "Swapnil, S. Dhopade"]
[Result "1-0"]
[WhiteElo "2252"]
[BlackElo "2531"]
[Annotator "TA"]
[PlyCount "69"]
[EventDate "2018.??.??"]
[EventType "team-tourn"]
[EventCountry "IND"]
[SourceTitle "playchess.com"]
[Source "ChessBase"]
[SourceQuality "1"]

{[%evp 22,69,-9,-10,-10,-14,0,0,0,0,10,13,5,19,9,15,18,21,23,7,9,16,17,59,404,359,320,298,450,450,890,881,781,774,899,875,889,768,5197,837,29993,29994,29994,29995,29996,29996,29996,29997,29997,29998]} 1. d4 Nf6 2. c4 e6 3. Nf3 d5 4. cxd5 exd5 5. Nc3 c6 6. Bg5 Be7 7. Qc2 g6 8. e3 Bf5 9. Bd3 Bxd3 10. Qxd3 O-O 11. O-O Nbd7 12. Rae1 {LiveBook: 7 Games. D36: Queen's Gambit Declined: Exchange Variation: Main line (5 Bg5 c6 6 Qc2)} (12. h3 Re8 13. Bf4 Bf8 14. Ne5 Bg7 15. Bh2 Nxe5 16. Bxe5 Ne4 17. Bxg7 Kxg7 18. Nxe4 Rxe4 19. b4 a6 20. a4 Qd6 21. b5 {½-½ (34) Bu,X (2723)-Wei,Y (2696) Wuxi 2016}) 12... Ne4 13. Bf4 g5 $146 ({Predecessor:} 13... Re8 14. Nd2 Nxd2 15. Qxd2 {½-½ (15) Kosic,D (2415)-Todorovic,G (2415) Kladovo 1990}) 14. Bg3 {The position is equal.} f5 15. Nd2 h5 16. f3 Nxg3 17. hxg3 Kg7 18. g4 $36 {[%mdl 2048] White fights for an advantage.} hxg4 19. fxg4 fxg4 20. e4 Nc5 21. Qe3 {[#] Black must now prevent exd5.} Rxf1+ $1 22. Rxf1 {aiming for exd5.} Nxe4 $2 {[%mdl 8192]} (22... Ne6 $1 $14) 23. Ndxe4 dxe4 24. Nxe4 Kg8 (24... Kh8 $142 25. Rf7 Qe8) 25. Rf5 $18 Qd7 (25... c5 $142 26. Nxc5 Qd6) 26. Nf6+ Bxf6 27. Rxf6 {[%mdl 4096] Endgame KQR-KQR} Qd5 28. Rg6+ Kh7 29. Qd3 {[#] Intending Rxc6+ and mate.} Qb5 30. Qc2 (30. Qb1 $142 Qxb2 31. Qxb2 Kxg6 32. Qxb7) 30... Qb4 31. Rf6+ {White mates.} Kh8 32. Rh6+ Kg7 33. Qg6+ Kf8 34. Rh8+ Ke7 35. Rh7+ {Precision: White = 89%, Black = 25%.} 1-0

[Event "38th IND-chT 2018"]
[Site "Patia"]
[Date "2018.02.09"]
[Round "3"]
[White "Samrat, Ghorai"]
[Black "Satyapragyan, Swayangsu"]
[Result "1/2-1/2"]
[WhiteElo "2108"]
[BlackElo "2398"]
[Annotator "TA"]
[PlyCount "76"]
[EventDate "2018.??.??"]
[EventType "team-tourn"]
[EventCountry "IND"]
[SourceTitle "playchess.com"]
[Source "ChessBase"]
[SourceQuality "1"]

{[%evp 16,76,0,0,0,-4,33,0,0,-8,16,0,17,8,19,0,24,28,29,5,5,0,0,0,0,0,0,-28,0,-15,0,-5,0,-33,-6,-46,-17,-36,-21,-33,0,0,2,-8,-13,-13,-15,0,0,0,0,0,23,27,47,0,0,0,22,22,62,62,168]} 1. e4 e5 2. Nf3 Nc6 3. Nc3 Nf6 4. Bb5 Bb4 5. O-O O-O 6. d3 Bxc3 7. bxc3 d6 8. h3 Ne7 9. Re1 {LiveBook: 8 Games} a6 {C49: Four Knights: 4 Bb5 Bb4} 10. Bc4 Be6 $146 ({Predecessor:} 10... b5 11. Bb3 c5 12. Bg5 Ng6 13. Bd5 Rb8 14. a4 h6 15. Bxf6 Qxf6 16. axb5 axb5 17. Nh2 {0-1 (33) Andreikin,D (2720)-Carlsen,M (2850) Berlin 2015}) 11. Bb3 Ng6 {The position is equal.} 12. d4 Qe7 13. Rb1 b6 14. Ba3 Bxb3 15. cxb3 Nd7 16. dxe5 Ndxe5 17. Nxe5 Qxe5 18. Qd2 f5 19. Qd5+ Qxd5 20. exd5 Rfe8 21. Rbd1 a5 {[%cal Ba6a5,Ba5a4,Ba4a3][%mdl 32]} 22. c4 Kf7 23. Bb2 Nf4 24. Re3 a4 25. b4 a3 26. Bc1 {[#] And now Rxe8 would win.} Ne2+ 27. Kf1 $1 {[%cal Rf1e2] Kxe2 is the strong threat.} Rxe3 28. Bxe3 $15 {[%mdl 4096] Endgame KRB-KRN} Nc3 29. Ra1 Re8 30. Bd2 $1 {[%cal Rd2c3]} Na4 31. f3 b5 32. cxb5 Nb6 33. Rb1 Nxd5 34. Rb3 Ra8 35. Bc1 Ra4 36. Bd2 Ke6 37. Ke2 Nb6 38. Kd3 d5 {Precision: White = 50%, Black = 38%.} ({Black should try} 38... Ra8 $14) 1/2-1/2

[Event "38th IND-chT 2018"]
[Site "Patia"]
[Date "2018.02.09"]
[Round "3"]
[White "Suvradeepta, Das"]
[Black "Naga Shashank, D."]
[Result "1/2-1/2"]
[WhiteElo "1962"]
[BlackElo "1700"]
[Annotator "NA RC"]
[PlyCount "87"]
[EventDate "2018.??.??"]
[EventType "team-tourn"]
[EventCountry "IND"]
[SourceTitle "playchess.com"]
[Source "ChessBase"]
[SourceQuality "1"]
[TimeControl "5400+30"]

1. d4 e6 2. Bf4 Nf6 3. e3 b6 4. Bd3 Bb7 5. Nf3 d6 6. Nbd2 Nbd7 {A47: 1 d4 Nf6 2 Nf3 b6: Torre, London and Colle Systems} 7. O-O (7. Qe2 Qe7 8. Ba6 Bxa6 9. Qxa6 Qd8 10. O-O Be7 11. h3 O-O 12. Bg3 c5 13. a4 Qc8 14. Qxc8 Rfxc8 {0-1 (170) Ju,W (2567)-Zhao,X (2477) Huaian 2017}) 7... Be7 8. h3 {LiveBook: 7 Games} Nf8 9. Qe2 Ng6 10. Bh2 $146 ({Predecessor:} 10. Bg5 O-O 11. Bxf6 Bxf6 12. Ba6 Qc8 13. Bxb7 Qxb7 14. a4 {0-1 (50) Brandao,R (2113)-Cubas,J (2464) Cordeiropolis 2015}) 10... Qd7 11. Rfd1 O-O 12. c4 Rfe8 13. Nb3 Bf8 14. c5 Rad8 15. Rac1 Nd5 16. cxd6 Bxd6 17. Ne5 Bxe5 18. dxe5 Qc8 19. Nd4 c6 (19... a6 $14) 20. Nb5 Qa8 21. Nd6 Rf8 22. Qg4 c5 23. Nxb7 $2 (23. h4 $18 {is more deadly.}) 23... Qxb7 24. h4 Nb4 {[#]} 25. Be4 ({White should try} 25. Bb1 $1 $16) 25... Qb8 {[#]} (25... Qe7 $14) 26. a3 $1 Nd5 27. Qg3 (27. Bc2 $18 {and White stays clearly on top.}) 27... Nge7 28. Bb1 Kh8 (28... Nc7 $14) 29. Qg4 Qc8 30. Qe4 f5 31. exf6 Nxf6 32. Qc2 Rxd1+ 33. Rxd1 Rd8 34. Rxd8+ Qxd8 35. Be5 Ng6 36. Bxf6 $16 Qxf6 37. Qe4 Kg8 38. b3 Nf8 39. a4 Qc3 40. Qd3 Qe1+ 41. Qf1 Qc3 42. Qd3 Qe1+ 43. Qf1 Qb4 44. Qc4 1/2-1/2

[Event "38th IND-chT 2018"]
[Site "Patia"]
[Date "2018.02.09"]
[Round "3"]
[White "Srujan Keerthan Solletti"]
[Black "Saptorshi Gupta"]
[Result "0-1"]
[WhiteElo "1512"]
[BlackElo "2087"]
[Annotator "NA RC"]
[PlyCount "102"]
[EventDate "2018.??.??"]
[EventType "team-tourn"]
[EventCountry "IND"]
[SourceTitle "playchess.com"]
[Source "ChessBase"]
[SourceQuality "1"]
[TimeControl "5400+30"]

1. e4 c5 2. Nf3 d6 3. d4 cxd4 4. Nxd4 Nf6 5. Nc3 a6 6. Bg5 e6 7. f4 Nbd7 8. Qd2 {B96: Sicilian Najdorf: 6 Bg5 e6 7 f4, lines other than 7...Qb6 and 7...Be7} (8. Qe2 Qc7 9. O-O-O b5 10. a3 Bb7 11. g4 Be7 12. Bh4 b4 13. axb4 a5 14. Bxf6 Nxf6 15. b5 a4 16. g5 Nxe4 17. Nxe4 d5 {½-½ (40) Adhiban,B (2677)-Nepomniachtchi,I (2751) Tbilisi 2017}) 8... h6 9. Bh4 Nxe4 $1 10. Bxd8 Nxd2 11. Bh4 Nxf1 12. Rxf1 b5 $146 ({Predecessor:} 12... Be7 13. Bxe7 Kxe7 14. O-O-O Nf6 15. Rfe1 g6 16. h3 {0-1 (41) Mai,L (2166)-Sjugirov,S (2422) Kemer 2007}) 13. f5 Ne5 14. O-O-O Be7 15. Bxe7 Kxe7 16. fxe6 fxe6 17. Nf3 Nxf3 18. Rxf3 Bb7 19. Rfd3 Rad8 ({Of course not} 19... Bxg2 $6 20. Rg3 $11) 20. Re1 Rhf8 21. Nd5+ Bxd5 22. Rxd5 Rf2 23. Rd2 Rdf8 24. Ree2 Rf1+ 25. Rd1 R8f2 26. Rxf2 Rxf2 27. Rd2 Rf1+ 28. Rd1 Rxd1+ 29. Kxd1 e5 30. Ke2 d5 31. c3 Kd6 32. Kd3 a5 33. b3 Kc5 34. Ke3 b4 35. Kd2 bxc3+ 36. Kxc3 d4+ 37. Kb2 e4 38. a3 g5 39. g4 Kd5 40. Kc2 d3+ 41. Kc3 Kc5 42. h3 Kd5 43. b4 axb4+ 44. axb4 Kc6 45. Kd2 Kb6 46. Kc3 Kb5 47. Kb3 d2 48. Kc2 e3 49. Kd1 Kxb4 50. Kc2 Kc4 51. Kd1 Kd3 0-1

[Event "38th IND-chT 2018"]
[Site "Patia"]
[Date "2018.02.10"]
[Round "4"]
[White "Ganguly, Surya Shekhar"]
[Black "Narayanan, Srinath"]
[Result "1/2-1/2"]
[WhiteElo "2650"]
[BlackElo "2530"]
[Annotator "TA"]
[PlyCount "148"]
[EventDate "2018.??.??"]
[EventType "team-tourn"]
[EventCountry "IND"]
[SourceTitle "playchess.com"]
[Source "ChessBase"]
[SourceQuality "1"]

{[%evp 22,148,90,88,134,76,125,58,54,61,81,79,77,76,84,67,64,57,85,85,84,74,81,81,81,74,81,64,81,81,81,81,81,81,81,71,87,70,77,70,141,141,139,148,143,152,150,137,156,133,168,155,155,155,187,176,202,162,242,263,266,252,263,272,275,271,250,279,230,320,306,289,294,293,283,261,435,371,722,537,606,583,977,948,915,893,894,869,1198,794,1174,1075,952,559,632,0,0,0,581,568,535,0,0,0,0,0,0,0,1066,0,0,0,0,0,0,0,0,0,0,0,0,0,0,0,0,0,0,0,0]} 1. c4 Nf6 2. Nc3 g6 3. e4 d6 4. d4 Bg7 5. Be2 O-O 6. Be3 e5 7. d5 Na6 8. g4 {E73: Königsindisch (Awerbach-Angriff)} Nc5 9. f3 h5 10. h4 a5 11. g5 Nh7 12. Nh3 {LiveBook: 3 Partien} (12. Kd2 Bd7 13. Nh3 c6 14. Nf2 cxd5 15. exd5 f5 16. gxf6 Nxf6 17. Bxc5 dxc5 {0-1 (37) Vallejo Pons,F (2705)-Radjabov,T (2741) Palma de Mallorca 2017}) 12... f5 $146 ({Vorgänger:} 12... Bxh3 13. Rxh3 f6 14. gxf6 Rxf6 15. Qd2 a4 {½-½ (41) Debashis,D (2472)-Karthikeyan,M (2578) Moscow 2017}) 13. Nf2 (13. Bxc5 $142 $1 dxc5 14. Nf2) 13... f4 14. Bd2 ({Besser ist} 14. Bxc5 $1 $16 dxc5 15. b3) 14... Rf7 $14 15. Qc2 Bf8 16. Nd3 Nxd3+ 17. Bxd3 Be7 18. Ke2 Nf8 19. a3 c5 20. Qd1 Nd7 21. Be1 Nb8 22. Bc2 Qb6 23. Bf2 Na6 24. Qd2 Qd8 25. Ba4 Rf8 26. Qc2 Kg7 27. Rhb1 Bh3 28. Nb5 Kh7 29. Be1 Qc8 30. Kf2 {[%cal Be2f2,Bf2g1,Bg1h2][%mdl 32]} (30. Bxa5 Bg2 $11) 30... Qb8 ({Lieber} 30... Bd7 $14) 31. Bxa5 $16 Bd8 32. Be1 Bb6 33. Kg1 Qd8 34. Kh2 Bc8 35. b3 {[%cal Bb2b3,Bb3b4][%mdl 32]} Nc7 36. Nxc7 Qxc7 37. Bf2 Ra5 38. Qd1 Ra7 39. Qf1 Ba5 (39... Rd8 $142 40. Bb5 Bd7 41. Bxd7 Rxd7) 40. b4 $18 Bb6 41. Bb5 cxb4 42. axb4 Rxa1 43. Rxa1 Be3 44. Qe2 Qb6 45. Bxe3 fxe3 46. Ra3 {[%cal Ba1a3,Ba3d3,Bd3d1][%mdl 32]} Qd4 47. Rd3 (47. Qxe3 Qb2+ 48. Kg3 Rf4 $11) (47. Rxe3 Rf4 $14) 47... Qa1 48. c5 (48. Qxe3 $2 Qf1 $19) (48. Rxe3 Rf4 $14) 48... Rf4 $2 (48... dxc5 49. d6 (49. Qxe3 Qf1 $11) (49. Rxe3 Rf4 $14) (49. bxc5 Qc1 $18) 49... Bg4 50. Rxe3 Be6) 49. Rd1 Rxh4+ $2 (49... Qa3 50. cxd6 Rf7) 50. Kg2 Qa8 51. cxd6 Bd7 52. Bxd7 Qd8 53. Qe1 e2 54. Rb1 Qxg5+ 55. Qg3 e1=N+ 56. Rxe1 Qd2+ 57. Kg1 Qd4+ 58. Kg2 ({Falsch wäre} 58. Qf2 $2 Rh1+ 59. Kxh1 (59. Kg2 $2 Rh2+ 60. Kxh2 Qxf2+ 61. Kh1 Qxe1+ $19) 59... Qxf2 $19) 58... Qd2+ 59. Kg1 Qd4+ $1 {[#]} 60. Kf1 $1 ({Nicht} 60. Qf2 $2 Rh1+ 61. Kxh1 (61. Kg2 $2 Rh2+ 62. Kxh2 Qxf2+ 63. Kh3 Qxf3+ 64. Kh4 Qf2+ 65. Kh3 Qxe1 $19) 61... Qxf2 $19) 60... Qd3+ {[#]} 61. Re2 $2 ({Weiss braucht} 61. Kf2 $1 $18 Qd4+ 62. Re3) 61... Qd1+ $1 $11 62. Kf2 Rh1 {( -> ...Tf1+)} 63. Qg2 Qd4+ 64. Kg3 h4+ 65. Kg4 Rg1 {Die Stellung ist ausgeglichen.} 66. Be6 {d7 ist eine echte Drohung.} Rxg2+ 67. Rxg2 {[%mdl 4096] Endspiel Droht d7 und aus. KD-KTL} Qe3 68. d7 Qf4+ 69. Kh3 Qxf3+ 70. Kxh4 Qxg2 71. d8=Q Qh2+ 72. Kg4 Qg2+ 73. Kh4 {jetzt Dg8+ und aus.} Qh2+ 74. Kg4 {Weiss will mit Dg8+ Matt setzen.} Qg2+ {Precision: Weiß = 66%, Schwarz = 49%.} 1/2-1/2

[Event "38th IND-chT 2018"]
[Site "Patia"]
[Date "2018.02.10"]
[Round "4"]
[White "Gopal G.N."]
[Black "Bakre, Tejas"]
[Result "1-0"]
[WhiteElo "2593"]
[BlackElo "2444"]
[Annotator "TA"]
[PlyCount "47"]
[EventDate "2018.??.??"]
[EventType "team-tourn"]
[EventCountry "IND"]
[SourceTitle "playchess.com"]
[Source "ChessBase"]
[SourceQuality "1"]

{[%evp 30,47,58,45,158,150,155,167,185,177,179,172,166,147,275,262,349,308,392,389]} 1. e4 c5 2. Nf3 d6 3. d4 cxd4 4. Nxd4 Nf6 5. Nc3 g6 6. Be3 Bg7 7. f3 O-O 8. Qd2 Nc6 9. O-O-O d5 10. Qe1 e5 11. Nxc6 bxc6 12. exd5 Nxd5 13. Bc4 Be6 14. Kb1 {B76: Sizilianisch (Moderne Drachen-Variante)} Rb8 15. Ne4 f5 16. Bxa7 {[#] LiveBook: 5 Partien. Schwarz muss nun Sc5 beachten.Weiß steht etwas besser.} fxe4 $146 (16... Qe7 $14 17. Bxb8 Rxb8) ({Vorgänger:} 16... Qc7 17. Bxb8 Rxb8 18. Bb3 fxe4 19. fxe4 Nf4 20. g3 Bxb3 21. axb3 Ne6 {½-½ (75) Kasimdzhanov,R (2703)-Jones,G (2650) Almaty 2016}) 17. Bxb8 $16 Qxb8 18. fxe4 Nc7 19. Qc3 Kh8 20. Bxe6 Nxe6 21. Qc4 Nd4 (21... Nf4 $16) 22. Rhf1 $18 Qc8 23. c3 Ne6 24. a4 1-0

[Event "38th IND-chT 2018"]
[Site "Patia"]
[Date "2018.02.10"]
[Round "4"]
[White "Swapnil, S. Dhopade"]
[Black "Das, Arghyadip"]
[Result "1/2-1/2"]
[WhiteElo "2531"]
[BlackElo "2443"]
[Annotator "TA"]
[PlyCount "128"]
[EventDate "2018.??.??"]
[EventType "team-tourn"]
[EventCountry "IND"]
[SourceTitle "playchess.com"]
[Source "ChessBase"]
[SourceQuality "1"]

{[%evp 15,128,1,0,0,8,0,4,3,7,0,0,0,0,0,0,0,-4,-59,37,-3,0,0,0,0,0,0,20,19,15,31,21,10,47,42,79,36,50,41,29,18,27,27,68,71,59,54,54,31,63,69,75,18,50,43,50,37,47,37,61,61,70,70,79,19,14,0,4,0,0,0,0,0,0,0,18,9,36,34,51,8,8,0,0,0,8,8,8,12,20,20,20,20,20,20,20,19,26,16,20,20,25,25,39,8,8,0,0,0,0,0,0,0,0,0,0]} 1. d4 e6 2. c4 d5 3. Nf3 Nf6 4. Bg5 Bb4+ 5. Nbd2 dxc4 6. e3 {D30: Queen's Gambit Declined: Systems without Nc3} b5 7. Be2 O-O 8. O-O Bb7 {LiveBook: 4 Games} 9. b3 cxb3 $146 ({Predecessor:} 9... c3 10. a3 Be7 11. Nb1 c5 12. Nxc3 a6 13. dxc5 Bxc5 {1-0 (43) Mamedyarov,S (2804)-Caruana,F (2811) Wijk aan Zee 2018}) 10. Nxb3 a6 11. Ne5 Nbd7 12. Bf3 Bxf3 13. Qxf3 Nxe5 14. dxe5 Qd5 {Strongly threatening ...Qxf3.} 15. Qf4 $1 Ne4 {Hoping for ...Bc3.} 16. Rad1 (16. f3 $11 Nxg5 17. Qxb4) 16... Qb7 (16... Nc3 $1 $15 17. Rxd5 Ne2+ 18. Kh1 Nxf4) 17. Rd4 Nxg5 18. Rxb4 h6 19. h4 Nh7 20. Rc1 Rad8 21. Na5 Qd5 22. Nc6 {[#] aiming for Ne7+.} Qd2 $1 {[%cal Rd2c1]} 23. Rbb1 Rd7 24. a4 f6 25. Rf1 Qd5 26. axb5 axb5 27. Rfc1 fxe5 28. Qxe5 Nf6 29. Qxd5 ({And not} 29. Rxb5 {[#]} Qd1+ $1 {[%mdl 512]} 30. Rxd1 Rxd1+ 31. Kh2 Ng4+ 32. Kg3 Nxe5 $17) 29... exd5 30. Rxb5 Ng4 31. Rc2 Rdf7 32. Rbb2 Kh7 33. Rd2 ({White should try} 33. g3 $16) 33... Rf6 34. Rbc2 Rd6 35. g3 Rff6 36. Nd4 c6 37. Kg2 Kg8 38. Rc5 Ne5 39. Ne2 ({White should play} 39. f4 $16 Nd7 40. Rc3) 39... g5 $11 40. hxg5 hxg5 41. Nd4 g4 42. Rd1 Rf7 43. e4 Rdf6 44. Nf5 Nd7 45. Rc2 dxe4 46. Nd6 Re7 47. Rxc6 {Rc7 is the strong threat.} e3 48. fxe3 Rxe3 49. Rc8+ Nf8 50. Rc4 Re2+ 51. Kg1 Re3 (51... Ng6 {with more complications.} 52. Rxg4 Kh7 53. Ne4 Rc6 54. Ng5+ Kh6) 52. Rxg4+ Rg6 53. Rxg6+ Nxg6 {[%mdl 4096] Endgame KRN-KRN} 54. Kg2 Ne5 55. Nf5 Rd3 56. Ra1 Kf7 57. Ra6 Ng4 58. Kh3 Ne3 59. Ra7+ (59. Nh6+ {keeps more tension.} Kg7 60. Kh4 Rc3 61. g4 Rc5 62. Re6) 59... Kf6 {The position is equal.} 60. Nxe3 Rxe3 61. Kh4 Re5 62. g4 Kg6 63. Ra6+ Kg7 64. g5 Re1 {Precision: White = 55%, Black = 55%.} 1/2-1/2